000 01225nam a2200277 i 4500
001 bg
245 0 _aRural management and cadastre :
_bmateriały międzynarodowej konferencji, Warszawa-Pułtusk 22-24 czerwca 2001 /
_c[kom. nauk. Wojciech Witkowski et al.] ; Instytut Geodezji Gospodarczej. Wydział Geodezji i Kartografii. Politechnika Warszawska.
260 _aWarszawa :
_b[Oficyna Wydawnicza PW],
_c2001.
300 _a473 s. :
_brys., wykr. ;
_c24 cm.
500 _aStreszcz. ang. przy ref.
504 _aBibliogr. przy ref.
650 9 _aNieruchomości
_xgospodarka
_xbadanie
_zPolska
650 9 _aNieruchomości
_xgospodarka
_xbadanie
_xUnia Europejska
650 9 _aKataster nieruchomości
_zPolska
_yod 1989 r.
650 9 _aKataster nieruchomości
_zUnia Europejska
650 9 _aWieś
_xzagadnienia
_zPolska
_yod 1989 r.
650 9 _aWieś
_xzagadnienia
_zUnia Europejska
655 _aMateriały konferencyjne
700 1 _aWITKOWSKI, Wojciech.
_eRed.
710 0 _aPolitechnika Warszawska
_bWydział Geodezji i Kartografii
_bInstytut Geodezji Gospodarczej
040 _cBPK
041 0 _apl
_ben
080 _a332.6+69::631.2:528.3/.4](438:4-67)
942 _cKS
008 s pl f |000 0 pol
999 _c39861
_d39861
856 _uhttp://koha.tu.koszalin.pl/cgi-bin/koha/opac-detail.pl?biblionumber=39861
_yKatalog online BPK